LIBRARY ONLINE CATALOGUE

Marketing communications / (Record no. 20074)

MARC details
000 -LEADER
fixed length control field 00887nam a22003015i 4500
001 - CONTROL NUMBER
control field 22496660
003 - CONTROL NUMBER IDENTIFIER
control field OSt
005 - DATE AND TIME OF LATEST TRANSACTION
control field 20230317093455.0
008 - FIXED-LENGTH DATA ELEMENTS--GENERAL INFORMATION
fixed length control field 220406s2022 cau 000 0 eng
010 ## - LIBRARY OF CONGRESS CONTROL NUMBER
LC control number 2022936332
020 ## - INTERNATIONAL STANDARD BOOK NUMBER
International Standard Book Number 1526446893
040 ## - CATALOGING SOURCE
Original cataloging agency DLC
Language of cataloging eng
Description conventions rda
Transcribing agency DLC
042 ## - AUTHENTICATION CODE
Authentication code pcc
050 ## - LIBRARY OF CONGRESS CALL NUMBER
Classification number HF5415.123
Item number .E43 2020
100 1# - MAIN ENTRY--PERSONAL NAME
Personal name Egan, John,
Relator term author.
245 10 - TITLE STATEMENT
Title Marketing communications /
Statement of responsibility, etc. John Egan.
250 ## - EDITION STATEMENT
Edition statement 3rd ed.
263 ## - PROJECTED PUBLICATION DATE
Projected publication date 2212
264 #1 - PRODUCTION, PUBLICATION, DISTRIBUTION, MANUFACTURE, AND COPYRIGHT NOTICE
Place of production, publication, distribution, manufacture Thousand Oaks :
Name of producer, publisher, distributor, manufacturer SAGE Publishing,
Date of production, publication, distribution, manufacture, or copyright notice 2020
300 ## - PHYSICAL DESCRIPTION
Extent xi, 398p.
336 ## - CONTENT TYPE
Content type term text
Content type code txt
Source rdacontent
337 ## - MEDIA TYPE
Media type term unmediated
Media type code n
Source rdamedia
338 ## - CARRIER TYPE
Carrier type term volume
Carrier type code nc
Source rdacarrier
520 ## - SUMMARY, ETC.
Summary, etc. "This is the fourth edition of 'Marketing Communications' by John Egan"--
Assigning source Provided by publisher.
906 ## - LOCAL DATA ELEMENT F, LDF (RLIN)
a 0
b ibc
c orignew
d 2
e epcn
f 20
g y-gencatlg
942 ## - ADDED ENTRY ELEMENTS (KOHA)
Source of classification or shelving scheme Library of Congress Classification
Koha item type General Collection
Holdings
Withdrawn status Lost status Source of classification or shelving scheme Not for loan Home library Current library Date acquired Cost, normal purchase price Total Checkouts Full call number Barcode Date last seen Price effective from Koha item type
    Library of Congress Classification   Kabarak, Main Campus Kabarak, Main Campus 17/03/2023 6112.00   HF5415.123 .E43 2020 c.1 032228 17/03/2023 17/03/2023 General Collection